Statistics for Largest Cities on Asian Islands

Click here to take the quiz!

General Stats

  • This quiz has been taken 123 times
  • The average score is 8 of 10

Answer Stats

HintAnswer% Correct
39,900,000Tokyo
100%
30,300,000Jakarta
97%
17,700,000Osaka
95%
24,600,000Manila
93%
9,100,000Taipei
91%
7,750,000Singapore
88%
10,500,000Nagoya
80%
4,875,000Surabaya
65%
6,150,000Bandung
60%
7,350,000Hong Kong
54%

Score Distribution

Percentile by Number Answered

Percent of People with Each Score

Your Score History

You have not taken this quiz